000 01308cam a22003614a 4500
001 14436340
003 OSt
005 20140310182941.0
008 060703s2006 ph a b 001 0 eng
010 _a 2006327181
020 _a9715555241
040 _aDLC
_cDLC
_dDLC
042 _alcode
043 _aa-ph---
050 0 0 _aHE 9715
_bP469 2006
082 _aFIL 303.48
_bP41 2006
100 1 _aPertierra, Raul,
_d1941-
245 1 0 _aTransforming technologies, altered selves :
_bmobile phone and internet use in the Philippines /
_cPertierra,Raul
260 _aMalate, Manila, Philippines :
_bDe La Salle University Press,
_c2006.
300 _aix, 158 p. :
_bill. ;
_c26 cm.
504 _aIncludes bibliographical references (p. 145-151) and index.
521 _aCollege Student
526 _c1210L-1700L
541 _j1
541 _j1
562 _eFor circulation.2 copies available in the collection
650 0 _aCell phones
_xSocial aspects
_zPhilippines.
650 0 _aInternet
_xSocial aspects
_zPhilippines.
856 4 1 _3Table of contents only
_uhttp://www.loc.gov/catdir/toc/fy0715/2006327181.html
906 _a7
_bcbc
_corigode
_d3
_encip
_f20
_gy-gencatlg
942 _2lcc
_cBK
_kFIL
999 _c17731
_d17731